|
|
|
|
| LEADER |
00000nam0a2200000 4500 |
| 001 |
303627 |
| 005 |
20231102001625.0 |
| 035 |
|
|
|a (RuTPU)RU\TPU\book\328852
|
| 090 |
|
|
|a 303627
|
| 100 |
|
|
|a 20150903d1983 m y0rusy50 ca
|
| 101 |
0 |
|
|a rus
|
| 102 |
|
|
|a RU
|
| 105 |
|
|
|a a z 001zy
|
| 200 |
1 |
|
|a Радионавигационные устройства и системы гражданской авиации
|e учебник для вузов
|f П. В. Олянюк, Г. П. Астафьев, В. В. Грачев
|g под ред. П. В. Олянюка
|
| 210 |
|
|
|a Москва
|c Транспорт
|d 1983
|
| 215 |
|
|
|a 320 с.
|c ил.
|
| 320 |
|
|
|a Библиогр.: с. 310
|
| 320 |
|
|
|a Предм. указ.: с. 311-316
|
| 606 |
1 |
|
|a Радионавигационные системы, воздушные
|2 stltpush
|3 (RuTPU)RU\TPU\subj\22877
|9 47559
|
| 606 |
1 |
|
|a Аэронавигация инерциальная
|x Авиация
|2 stltpush
|3 (RuTPU)RU\TPU\subj\64527
|9 81394
|
| 610 |
1 |
|
|a гражданская авиация
|
| 610 |
1 |
|
|a посадка
|
| 610 |
1 |
|
|a радиотехнические средства
|
| 610 |
1 |
|
|a точность
|
| 610 |
1 |
|
|a свойства
|
| 610 |
1 |
|
|a радиопеленгаторы
|
| 610 |
1 |
|
|a радиомаяки
|
| 610 |
1 |
|
|a спутниковые системы
|
| 610 |
1 |
|
|a радиовысотомеры
|
| 610 |
1 |
|
|a доплеровские измерители
|
| 610 |
1 |
|
|a учебники
|
| 675 |
|
|
|a 656.7.052:621.396
|v 4
|
| 675 |
|
|
|a 629.73.05.07
|v 4
|
| 700 |
|
1 |
|a Олянюк
|b П. В.
|g Петр Васильевич
|
| 701 |
|
1 |
|a Астафьев
|b Г. П.
|g Георгий Павлович
|
| 701 |
|
1 |
|a Грачев
|b В. В.
|g Владислав Васильевич
|
| 702 |
|
1 |
|a Олянюк
|b П. В.
|4 340
|
| 801 |
|
1 |
|a RU
|b 63413507
|c 20150903
|
| 801 |
|
2 |
|a RU
|b 63413507
|c 20190416
|g RCR
|
| 942 |
|
|
|c BK
|